00676nam a2200217Ia 4500003000400000005001700004008004100021020001500062040001800077041000800095082002100103245008700124250001200211260005200223300002800275650003200303650005000335650001900385700002800404700002600432OSt20241125145901.0210716s1988 xx 000 0 und d a0070021970 cAIMIT LIBRARY aeng a658.45 21bARCS aReadings and cases in corporate finance /cBy Stephen H Archer and Halbert S Kerr. a1st ed. aNew Delhi :bMc Graw Hill Book Company ,c1988. aiv,363p. ;bPBc24.4 cm aGoals markets and valuation aFinancial analysis and working capital policy aSpecial topics aArcher, Stephen H., ed. aKerr, Halbert S., ed.